Kisah-kisah kebijaksanaan Abu Nawas

Bibliographic Details
Main Author: Kaur, Harpreet
Format: Book
Published: Kuala Lumpur : Edukid , 2015
Subjects:

MARC

LEADER 00000cam a2200000 7i4500
001 0000053737
005 20151222.0
008 151026
020 |a 9789673642069 
090 0 0 |a JF   |b REG MAL 
100 1 |a Kaur, Harpreet 
245 1 0 |a Kisah-kisah kebijaksanaan Abu Nawas   |c Harpreet Kaur 
260 |a Kuala Lumpur :   |b Edukid ,   |c 2015 
500 |a Children ages 7-9 years old (orange) 
650 0 |a Folk literature, Malay 
650 0 |a Folklore 
999 |a 0001354473   |b Book   |c Children Collection   |e Cawangan Tmn. Ungku Tun Aminah 
999 |a 0001354474   |b Book   |c Children Collection   |e Cawangan Sri Merlong 
999 |a 0001354475   |b Book   |c Children Collection   |e Cawangan Segamat 
999 |a 0001354476   |b Book   |c Adult Collection   |e Cawangan Pontian 
999 |a 0001354477   |b Book   |c Children Collection   |e Cawangan Batu Pahat 
999 |a 0001354478   |b Book   |c Children Collection   |e Cawangan Bukit Gambir 
999 |a 0001354479   |b Book   |c Children Collection   |e Cawangan Taman Universiti 
999 |a 0001354480   |b Book   |c Teenagers   |e Cawangan Bandar Tenggara 
999 |a 0001354481   |b Book   |c Children Collection   |e Cawangan Taman Sri Lambak 
999 |a 0001354482   |b Book   |c Children Collection   |e Cawangan Bandar Penawar 
999 |a 0001354483   |b Book   |c Children Collection   |e Cawangan Kota Tinggi 
999 |a 0001354485   |b Book   |c Children Collection   |e Cawangan Muar 
999 |a 0001354486   |b Book   |c Children Collection   |e Cawangan Mersing 
999 |a 0001357521   |b Book   |c Children Collection   |e Perbadanan Perpustakaan Awam Johor 
999 |a 0001357522   |b Book   |c Children Collection   |e Cawangan Urban Transformation Centre